| 000 | 00609nam a22001817a 4500 | ||
|---|---|---|---|
| 005 | 20170918105405.0 | ||
| 010 | _a1718EN-30 | ||
| 020 |
_a9788129144881 _c295.00 |
||
| 037 |
_bAakar Books _adpl |
||
| 100 | _aMitra, Sudipta | ||
| 245 |
_aPearl by the river : _bNawab Wajid Ali Shah's kingdom in exile / _cby Sudipta Mitra |
||
| 260 |
_aNew Delhi _bRupa Pub. _c2017 |
||
| 270 |
_a7/16, Ansari Road, Daryaganj, _bNew Delhi _e110002 |
||
| 300 |
_axviii,237p. _c19cm(pbk) |
||
| 500 | _aIncludes bibliographical references | ||
| 942 |
_2ddc _cEN _mMIT |
||
| 999 |
_c144808 _d144808 |
||